Bolestivé hľadanie každého dolára. Slovensko a platobný systém na východných trhoch.

Príčinou rozpadu východných trhov (trhu bývalej RVHP) je stratégia transformácie vedúca k degresu ekonomík strednej a východnej Európy a rozpad ich platobného systému, prechod na voľnomenový platobný styk. Príčiny neúspechu vytvorenia Východoeurópskej platobnej únie a orientácia krajín na MMF. Námet...

Ausführliche Beschreibung

Gespeichert in:
Bibliographische Detailangaben
1. Verfasser: Rendek, I.
Format: Buchkapitel
Sprache:Slowakisch
Schlagworte:
Tags: Tag hinzufügen
Keine Tags, Fügen Sie das erste Tag hinzu!

MARC

LEADER 00000naa a2200000 4500
001 r011661
005 20220826094139.1
041 0 |a slo 
044 |a [CS] 
245 1 0 |a Bolestivé hľadanie každého dolára.  |b Slovensko a platobný systém na východných trhoch.  |c I. Rendek 
520 |a Príčinou rozpadu východných trhov (trhu bývalej RVHP) je stratégia transformácie vedúca k degresu ekonomík strednej a východnej Európy a rozpad ich platobného systému, prechod na voľnomenový platobný styk. Príčiny neúspechu vytvorenia Východoeurópskej platobnej únie a orientácia krajín na MMF. Námet na vytvorenie kontinentálneho voľného trhu v rámci bývalých členských krajín RVHP. 
610 2 0 |a styk platobný medzinárodný 
610 2 0 |a stredná Európa 
610 2 0 |a východná Európa 
610 2 0 |a RVHP 
610 2 0 |a 1989-1992 
610 2 0 |a oblasti obchodu voľného 
610 2 0 |a Medzinárodný menový fond 
610 2 0 |a obchod zahraničný 
100 1 |a Rendek, I.